Developmental mathematics / (Record no. 182290)

000 -LEADER
fixed length control field 01023 a2200229 4500
003 - CONTROL NUMBER IDENTIFIER
control field NUST
005 - DATE AND TIME OF LATEST TRANSACTION
control field 20221116124545.0
010 ## - LIBRARY OF CONGRESS CONTROL NUMBER
LC control number 77002711
020 ## - INTERNATIONAL STANDARD BOOK NUMBER
International Standard Book Number 0871502356
040 ## - CATALOGING SOURCE
Transcribing agency Nust
082 00 - DEWEY DECIMAL CLASSIFICATION NUMBER
Classification number 512.9,WOO
100 1# - MAIN ENTRY--PERSONAL NAME
Personal name Wood, Martha M.
9 (RLIN) 102674
245 10 - TITLE STATEMENT
Title Developmental mathematics /
Statement of responsibility, etc. Martha M. Wood, Peggy Capell, and James W. Hall.
260 ## - PUBLICATION, DISTRIBUTION, ETC.
Place of publication, distribution, etc. Boston :
Name of publisher, distributor, etc. Prindle, Weber & Schmidt,
Date of publication, distribution, etc. c1977.
300 ## - PHYSICAL DESCRIPTION
Extent viii, 536 p. :
Other physical details ill. ;
Dimensions 28 cm.
505 ## - FORMATTED CONTENTS NOTE
Formatted contents note Unit-1: Review Arithmetic (Page-1), Unit-2: Operations With sets and Signed Number (Page-99), Unit-3: Operations With Polynomials (Page-151), Unit-4: Saving First Degree Equations and Inequalities in One Variable (Page-215), Unit-5: Application of Equations (Page-271), Unit-6: Graphing and System of Equations (Page-369), Unit-7: Introduction to Intermediate Algebra (Page-419).
650 #0 - SUBJECT ADDED ENTRY--TOPICAL TERM
Topical term or geographic name entry element Algebra.
9 (RLIN) 8509
650 #0 - SUBJECT ADDED ENTRY--TOPICAL TERM
Topical term or geographic name entry element Arithmetic.
9 (RLIN) 39162
700 1# - ADDED ENTRY--PERSONAL NAME
Personal name Capell, Peggy,
9 (RLIN) 102675
700 1# - ADDED ENTRY--PERSONAL NAME
Personal name Hall, James W.,
9 (RLIN) 102676
942 ## - ADDED ENTRY ELEMENTS (KOHA)
Source of classification or shelving scheme
Koha item type Book
Call number prefix 512.9,WOO
Holdings
Withdrawn status Lost status Source of classification or shelving scheme Damaged status Not for loan Permanent Location Current Location Shelving location Date acquired Full call number Barcode Date last seen Price effective from Koha item type Public note
          Military College of Signals (MCS) Military College of Signals (MCS) General Stacks 12/12/2016 512.9,WOO MCS7435 12/08/2016 12/12/2016 Book Almirah No.82, Shelf No.3
          Military College of Signals (MCS) Military College of Signals (MCS) General Stacks 12/12/2016 512.9,WOO MCS7436 12/08/2016 12/12/2016 Book Almirah No.11, Shelf No.5
          Military College of Signals (MCS) Military College of Signals (MCS) General Stacks 12/12/2016 512.9,WOO MCS7437 12/08/2016 12/12/2016 Book Almirah No.82, Shelf No.3
© 2023 Central Library, National University of Sciences and Technology. All Rights Reserved.